Normal view
MARC view
- المدارس اليهودية-المدارس الإيرانية-العراق
Entry Topical Term
001 - CONTROL NUMBER
- control field: 38808
003 - CONTROL NUMBER IDENTIFIER
- control field: JO-AjAnu
005 - DATE AND TIME OF LATEST TRANSACTION
- control field: 20230606080447.0
008 - FIXED-LENGTH DATA ELEMENTS
- fixed length control field: 230606|| aca||aabn | a|a d
040 ## - CATALOGING SOURCE
- Original cataloging agency: JO-AjAnu
- Transcribing agency: JO-AjAnu
150 ## - HEADING--TOPICAL TERM
- Topical term or geographic name entry element: المدارس اليهودية-المدارس الإيرانية-العراق
670 ## - SOURCE DATA FOUND
- Source citation: Work cat.: (JO-AjAnu)19903: البراك، فاضل, author 38807, المدارس اليهودية والإيرانية في العراق:دراسة مقارنة